| 000 | 00574nam a2200193 a 4500 | ||
|---|---|---|---|
| 005 | 20240911064327.0 | ||
| 008 | 991125s1967 es 000 0 spa u | ||
| 035 | _aUPN01000032170 | ||
| 049 | _aCG | ||
| 050 | 4 |
_aQ175 _bH3.38 |
|
| 100 | 1 | _aHarré, R. | |
| 245 | 1 | 0 |
_aIntroducción a la lógica de las ciencias / _cR. Harré ; tr. Juan Carlos García Borrón. |
| 260 |
_aBarcelona, Esp. : _bLabor, _c1967. |
||
| 300 | _a171 p. | ||
| 440 | 0 |
_aNueva colección Labor ; _v52 |
|
| 650 | 4 |
_aCiencia _xFilosofía _94696 |
|
| 650 | 4 |
_aCiencia _xMetodología _95804 |
|
| 905 | _aLibro | ||
| 999 |
_c32170 _d32170 |
||